Cat sleeping upon the complaint box (Record no. 1235835)

MARC details
000 -LEADER
fixed length control field 00701nam a2200229Ia 4500
005 - DATE AND TIME OF LATEST TRANSACTION
control field 20250108125135.0
008 - FIXED-LENGTH DATA ELEMENTS--GENERAL INFORMATION
fixed length control field 008 250107s9999 xx 000 0 eng d
020 ## - INTERNATIONAL STANDARD BOOK NUMBER
International Standard Book Number 978-93-5029-346-1
037 ## - SOURCE OF ACQUISITION
Stock number TB
040 ## - CATALOGING SOURCE
Original cataloging agency CRL
Language of cataloging eng
Transcribing agency CRL
041 ## - LANGUAGE CODE
Language code of text/sound track or separate title eng
Source of code eng
084 ## - COLON CLASSIFICATION NUMBER
Classification number Y33.2'N R3
084 ## - COLON CLASSIFICATION NUMBER
Assigning agency CRL
100 ## - MAIN ENTRY--PERSONAL NAME
Personal name Ramasamy Seenu Au.; Ramakrishnan Latha Tr.
9 (RLIN) 730474
245 #0 - TITLE STATEMENT
Title Cat sleeping upon the complaint box
Statement of responsibility, etc. Ramasamy Seenu Au.; Ramakrishnan Latha Tr.
260 ## - PUBLICATION, DISTRIBUTION, ETC.
Place of publication, distribution, etc. Chennai, India
Name of publisher, distributor, etc. New Century Book House
Date of publication, distribution, etc. 3447
300 ## - PHYSICAL DESCRIPTION
Extent 252p.
365 ## - TRADE PRICE
Price type code INR
Price amount 1695
650 ## - SUBJECT ADDED ENTRY--TOPICAL TERM
Topical term or geographic name entry element ENGLISH LITERATUREENGLISH POETRY
9 (RLIN) 729696
942 ## - ADDED ENTRY ELEMENTS (KOHA)
Koha item type Textbook
Classification part Y33.2'N R3
Holdings
Withdrawn status Lost status Damaged status Not for loan Home library Current library Date acquired Source of acquisition Cost, normal purchase price Total Checkouts Full call number Barcode Date last seen Price effective from Koha item type
        Central Library Central Library 2025-01-08 Gift, 12/08/2024, 1695.00   O111,1NRAx R4 CL1699459 2025-01-08 2025-01-08 Textbook
Copyright @ Delhi University Library System